UBT Library

HUMAN GENETICS AND SOCIETY (Record no. 59120)

000 -LEADER
fixed length control field 00328nam a22001457a 4500
008 - FIXED-LENGTH DATA ELEMENTS--GENERAL INFORMATION
fixed length control field 221207b ||||| |||| 00| 0 eng d
020 ## - INTERNATIONAL STANDARD BOOK NUMBER
International Standard Book Number 9780495114260
041 ## - LANGUAGE CODE
Language code of text/sound track or separate title eng
080 ## - UNIVERSAL DECIMAL CLASSIFICATION NUMBER
Universal Decimal Classification number 616.073
082 ## - DEWEY DECIMAL CLASSIFICATION NUMBER
Classification number 616.073YAS
100 ## - Rafti
Rafti 12
101 ## - Shkurtesa
Shkurtesa GENETIC
245 ## - TITLE STATEMENT
Title HUMAN GENETICS AND SOCIETY
Statement of responsibility, etc YASHON
942 ## - ADDED ENTRY ELEMENTS (KOHA)
Source of classification or shelving scheme
Item type Books
Holdings
Withdrawn status Lost status Source of classification or shelving scheme Damaged status Not for loan Collection code Permanent location Current location Date acquired Total Checkouts Full call number Barcode Date last seen Price effective from Koha item type
          Koleksioni i përgjithshem UBT - Lipjan UBT - Lipjan 12/07/2022   616.073YAS 002-8000287002601001 12/07/2022 12/07/2022 Books
UBT Library © 2015-2024. All rights reserved University Education for Business and Technology